00381 2200157 4500001002100000005001500021035002000036245003500056100001500091250001700106300003100123260003300154082000800187084001400195650001400209INLIS00000000000038120240605091112 a0010-06240000901 aPetani Asparagus /cSeno Subro0 aSeno Subro acetakan ke-1 av, 38 hlm :bilus ;c21 cm aJakarta :bCV. Deriko,c2007 a813 a813 SEN p 4aBuku Anak